| 000 | 00633nam a2200229Ia 4500 | ||
|---|---|---|---|
| 005 | 20260429112026.0 | ||
| 008 | 260429s9999||||xx |||||||||||||| ||und|| | ||
| 020 | _a9781032844565 | ||
| 041 | _aEnglish | ||
| 082 |
_a658.812 _bSHA |
||
| 100 | _aShainesh, G. | ||
| 245 | 0 |
_aCustomer relationship management in the digital age / _cG. Shainesh |
|
| 250 | _a1st ed. | ||
| 260 |
_aUnited Kingdom : _bRoutledge, _c2025. |
||
| 300 | _aviii, 238 p.; pbk | ||
| 650 | _a Customer relationship | ||
| 650 | _a Marketing management | ||
| 650 | _aManagement | ||
| 700 | _a Jain, Varsha | ||
| 700 | _a Sheth, Jagadish N. | ||
| 942 | _cTB | ||
| 999 |
_c51953 _d51953 |
||